| 000 | 00672nam a2200205 a 4500 | ||
|---|---|---|---|
| 005 | 20210219160349.0 | ||
| 008 | 081020s1982 mx r 000 0 spa d | ||
| 035 | _aUPN01000163918 | ||
| 049 | _aUNE | ||
| 080 | _aOC 023.08: 5:6 (05) GRU. | ||
| 100 | 1 | _aGrünewald, H | |
| 245 | 1 | 0 |
_aDirectrices para los directores de revistas científicas y técnicas / _cH. Grünewald. |
| 260 |
_aParís : _bUNESCO, _c1982. |
||
| 300 | _a49 p. | ||
| 440 | 0 | _aPGI-79/WS/8 | |
| 690 | _aInformacion/bibliotecas, administradores | ||
| 690 | _aPublicaciones periodicas- Ciencia y tecnologia | ||
| 710 | 2 | _aUNESCO II.PGI. Programa General de Información y UNISIST | |
| 905 | _aUNESCO | ||
| 999 |
_c136031 _d136031 |
||